Using information technology : (Record no. 6406)
[ view plain ]
| 000 -LEADER | |
|---|---|
| fixed length control field | 01128cam a2200217 a 4500 |
| 020 ## - INTERNATIONAL STANDARD BOOK NUMBER | |
| ISBN | 9780071318006 |
| 020 ## - INTERNATIONAL STANDARD BOOK NUMBER | |
| ISBN | 0071318003 |
| 050 00 - CALL NUMBER | |
| Classification number | QA76.5 |
| Item number | .W64 |
| 100 1# - AUTHOR | |
| Personal name | Williams, Brian K., |
| 245 10 - TITLE | |
| Title | Using information technology : |
| Remainder of title | a practical introduction to computers & communications / |
| Statement of responsibility, etc | Brian K. Williams, Stacey C. Sawyer. |
| 250 ## - EDITION | |
| Edition statement | Complete version, tenth edition. |
| 260 ## - PUBLICATION INFORMATION | |
| Place of publication | New York, NY : |
| Name of publisher | McGraw-Hill, |
| Year of publication | ©2013. |
| 300 ## - DESCRIPTION | |
| Number of Pages | xxvii, 576 pages : |
| Other physical details | color illustrations, color maps ; |
| Dimensions | 28 cm. |
| 500 ## - NOTES | |
| General note | Includes Index |
| 505 ## - FORMATTED CONTENTS NOTE | |
| Table of Content | 1. Introduction to Information Technology Your Digital World --<br/>2. The Internet & the World --<br/>3. Software Tools for Productivity & Creativity --<br/>4. Hardware: The CPU & Storage How to Choose a Multimedia Computer System --<br/>5. Hardware: Input & Output Taking Charge of Computing & Communication --<br/>6. Communications, Networks, & Safeguards The Wired & Wireless World --<br/>7. Personal Technology the Future in You. |
| 650 #0 - SUBJECTS | |
| Topical Term | Computers. |
| 650 #0 - SUBJECTS | |
| Topical Term | Telecommunication systems. |
| 650 #0 - SUBJECTS | |
| Topical Term | Information technology. |
| 700 1# - OTHER AUTHORS | |
| Personal name | Sawyer, Stacey C. |
| 942 ## - ADDED ENTRY ELEMENTS (KOHA) | |
| Koha item type | Books |
| Withdrawn status | Lost status | Collection code | Home library | Current library | Shelving location | Date acquired | Full call number | Accession Number | Koha item type |
|---|---|---|---|---|---|---|---|---|---|
| Reference | Methodist University Library Main | Methodist University Library Main | General Stacks | QA76.5 .W64 | 39707 | Books |